000 00608nam a2200193Ii 4500
003 JO-AjNU
008 230605s9999||||xx |||||||||||||| ||und||
040 _aJO-AjNU
_bara
_erda
_cJO-AjNU
041 _aara
050 1 4 _aHA29.5.A7.F764.1992
100 3 _aأحمد، فاروق عبد العظيم,
_eauthor
_937938
245 0 0 _aحلول مبادىء الاحصاء
264 3 1 _aد.م:الدار الجامعية،1992
300 _a120ص
336 _atext
_btxt
_2rdacontent
337 _aunmediated
_bn
_2rdamedia
338 _avolume
_bnc
_2rdacarrier
650 4 _aالاحصاء-مبادىء
_937939
999 _aA15897
_c19465
_d19465